Tư duy logic : 50 câu đố luyện tập não bộ giúp bạn hình thành
Tuyển tập 50 câu đố từ dễ đến khó giúp bạn hình thành tư duy logic, phân định những tình huống không rõ ràng, thể hiện sự tự tin dưới mọi áp lực
में बचाया:
| मुख्य लेखक: | |
|---|---|
| स्वरूप: | पुस्तक |
| भाषा: | Undetermined |
| प्रकाशित: |
Hà Nội
Thời đại
2009
|
| विषय: | |
| टैग : |
टैग जोड़ें
कोई टैग नहीं, इस रिकॉर्ड को टैग करने वाले पहले व्यक्ति बनें!
|
| Thư viện lưu trữ: | Trung tâm Học liệu Trường Đại học Cần Thơ |
|---|
| LEADER | 00938nam a2200217Ia 4500 | ||
|---|---|---|---|
| 001 | CTU_154079 | ||
| 008 | 210402s9999 xx 000 0 und d | ||
| 020 | |c 35000 | ||
| 082 | |a 153.42 | ||
| 082 | |b P558 | ||
| 100 | |a Philips, Charles | ||
| 245 | 0 | |a Tư duy logic : | |
| 245 | 0 | |b 50 câu đố luyện tập não bộ giúp bạn hình thành | |
| 245 | 0 | |c Charles Philips ; Hiền Nguyễn (dịch) | |
| 260 | |a Hà Nội | ||
| 260 | |b Thời đại | ||
| 260 | |c 2009 | ||
| 520 | |a Tuyển tập 50 câu đố từ dễ đến khó giúp bạn hình thành tư duy logic, phân định những tình huống không rõ ràng, thể hiện sự tự tin dưới mọi áp lực | ||
| 650 | |a Nghĩ và suy nghĩ,Trực giác,Logic học,Thought and thinking.,Intuition.,Logic | ||
| 904 | |i Tuyến | ||
| 980 | |a Trung tâm Học liệu Trường Đại học Cần Thơ | ||